Quizzes
Events
Quiz Creation
Community
Videos
Private Events
Remove Ads
Sign In
Join for FREE
Feedback
Dark Mode
Quiz Categories
Sports
Geography
Music
Movies
Television
Just For Fun
Miscellaneous
History
Literature
Language
Science
Gaming
Entertainment
Religion
Holiday
For Kids
Quiz Lab
Recent
Popular Today
Quiz Kudos Today
Editor Picks
Curator Picks
Quizzes by...
Day
Popularity
Type
Ratings
Length
Year
Community
Subscriptions
Recent Discussions
Orange Saloon
Badges
Playlists
Quests
Create
Leaderboards
Showdown
Live 5
Trivia Bingo
Activity
Puzzle Library
Sporcle Events
Private Events
Virtual Trivia
Globe League
Become a Host
Pub Owners
SporcleCon
Opinionation
Our Games
Videos
Blog
Mobile Apps
Partnerships
Remove Ads and Go Orange
Feedback
Geography
Country
Landmarks
City
State
Population
World
Capital
Continent
Flags
Europe
Africa
Asia
South America
North America
Oceania
Border
Canada
United Kingdom
Topography
United States
Geography
Country
Landmarks
City
State
Population
World
Capital
Continent
Flags
Europe
Africa
Asia
South America
North America
Oceania
Border
Canada
United Kingdom
Topography
United States
Random Quiz
Search Sporcle
×
Quiz Lab
Quiz Lab
Geography
Population
Type in answers that appear in a list
Type in answers that appear in a list
Classic
Best Score? Go Orange.
500K+ cities in South America Stats
Can you name the 500K+ cities in South America?
By
likesgeography
10m
75 Questions
692 Plays
692 Plays
692 Plays
Comments
Comments
Give Quiz Kudos
Give Quiz Kudos
-
- Ratings
hide this ad
More Info
Replay
Link that replays current quiz
Next Quiz
Link to next quiz in quiz playlist
You Got
0%
They Got
Avg Score
64%
Avg Friend Score
Upgrade to see
Score Distribution
Jump to the score distribution portion of the page
Score
0/75
Timer
10:00
0
Plays Today
City
% Correct
Bogotá, Colombia
99.4%
São Paulo, Brazil
98.8%
Buenos Aires, Argentina
98.7%
Lima, Peru
98.6%
Rio de Janeiro, Brazil
98.6%
Santiago, Chile
98.4%
Caracas, Venezuela
98.1%
Brasília, Brazil
96.5%
Quito, Ecuador
95.5%
Medellín, Colombia
95.4%
La Paz, Bolivia
95.2%
Montevideo, Uruguay
94.4%
Belo Horizonte, Brazil
93.1%
Asunción, Paraguay
92.8%
Salvador, Brazil
92.2%
Porto Alegre, Brazil
91.5%
Cali, Colombia
90.9%
Recife, Brazil
90.8%
Manaus, Brazil
89.9%
Fortaleza, Brazil
89.6%
Guayaquil, Ecuador
89.5%
Córdoba, Argentina
89%
Rosario, Argentina
87.4%
Belém, Brazil
86.7%
Santa Cruz de la Sierra, Bolivia
85.7%
Valencia, Venezuela
85.1%
Curitiba, Brazil
83.4%
Barranquilla, Colombia
82.1%
Maracaibo, Venezuela
81.8%
São Luís, Brazil
75.9%
Cartagena de Indias, Colombia
74.1%
Campinas, Brazil
73.1%
Natal, Brazil
72.5%
Goiânia, Brazil
72.1%
Arequipa, Peru
69.9%
Cochabamba, Bolivia
67.9%
La Plata, Argentina
67.3%
Trujillo, Peru
64.2%
City
% Correct
Maceió, Brazil
62%
Barquisimeto, Venezuela
61.8%
El Alto, Bolivia
57.7%
Campo Grande, Brazil
57.7%
Mar del Plata, Argentina
56.6%
João Pessoa, Brazil
55.5%
Guarulhos, Brazil
54.3%
Bucaramanga, Colombia
53%
Salta, Argentina
51.7%
Teresina, Brazil
51.3%
São Gonçalo, Brazil
49.9%
Nova Iguaçu, Brazil
49.6%
São José dos Campos, Brazil
45.7%
Cuiabá, Brazil
45.2%
Uberlândia, Brazil
44.9%
Duque de Caxias, Brazil
44.7%
Cúcuta, Colombia
44.1%
Aracaju, Brazil
43.8%
São Bernardo do Campo, Brazil
43.1%
Chiclayo, Peru
40.2%
Osasco, Brazil
39.5%
San Miguel de Tucumán, Argentina
38.2%
Ciudad Guyana, Venezuela
35.5%
Ibagué, Colombia
34.5%
La Matanza, Argentina
33.1%
Ribeirão Preto, Brazil
32.5%
Santo André, Brazil
32.2%
Contagem, Brazil
31.1%
Sorocaba, Brazil
30.6%
Feira de Santana, Brazil
30.3%
Jaboatão dos Guararapes, Brazil
30.2%
Soledad, Colombia
28.3%
Juiz de Fora, Brazil
27.7%
Quilmes, Argentina
25%
Almirante Brown, Argentina
20.4%
Lomas de Zamora, Argentina
20.2%
Merlo, Argentina
20.1%
Quiz Playlist
Details
Report
Send in Message
Add To Playlist
More Info:
Name the cities in South America with a population of 500.000 or more (those between 400K and 500K are bonuses).
Classic:
Type in answers that appear in a list
Quiz Source
Last Updated: Feb 16, 2017
Quiz Scoreboard
CHALLENGE
Sign Up to Join the Scoreboard
Show All
Scores
Hide
Comments
May contain spoilers
Recently Published
1-10 Letter E Words III
by El_Dandy
Language
2m
One Thing in Common: World Cities II
by knightlancer
Geography
7m
Popular People in 1961
by mucciniale
History
6m
More to Explore
Quiz From the Vault
Featured Blog Post
Where Did the Easter Bunny Come From?
hide this ad
You Might Also Like...
Tags
City Quiz
Population Quiz
South America Quiz
500k
Today's Top Quizzes in Geography
Browse Geography
hide this ad
Today's Top Quizzes in Population
Browse Population
Top Contributed Quizzes in Geography
1
Countries of the World - No Outlines Minefield
2
African Flag Reveal XLV
3
Top 25 Cities of France on a map
4
Closest Countries to UK A-Z
5
Blind Secret Country CLXXXVIII
6
Find the US States - No Outlines
7
One Thing in Common: Asia
8
Blind Ultimate Minefield: Asia
9
30 Pics in 60: Landmark Cities
10
Find the States of India (Picture Click)
Explore More
Trending Topics
NBA
Marvel
Harry Potter
Disney
Anime
Crossword
Kpop
The Office
Pokémon
Soccer
Puzzle
Country
WWE
Song
NFL
hide this ad
More By:
likesgeography
Quiz
Plays
Rating
Category
Featured
Created
Unpopulous Neighbors
42,363
4.54
Geography
Apr 14, 2013
100 largest cities in China
13,123
4.79
Geography
Mar 29, 2012
Capitals of India (map)
8,337
3.95
Geography
Feb 21, 2014
Capitals of Brazil (map)
7,379
5.00
Geography
Feb 17, 2014
100 Largest EU Cities
4,443
4.28
Geography
Dec 22, 2013
Go to Creator's Profile
Score Distribution
Quiz Creator Spotlight
likesgeography
Follow
Send a Message
Quizzes Created
-
Created Quiz Play Count
-
More By This Creator
Popular Quizzes Today
1
Find the US States - No Outlines Minefield
2
The Countries of the World
3
Popular People in 1961
4
Find the Countries of Europe - No Outlines Minefield
5
1-10 Letter E Words III
6
Find the US States
7
One Thing in Common: World Cities II
8
US States
More Geography Quizzes
Not Those Three - Borders of France
Quiz Lab
Trending Quizzes
1-10 Letter F Words
One Thing in Common: Music
1-10 Letter G Words
Risky Map Clicking: Next State Alphabetically
1-10 Letter F Words II
Recently Updated
Leaping Animals
pecheneg
Reality TV Shows (A-Z)
bhenderson79
Rickey Henderson's Hall of Fame Teammates
pecheneg
Champions League XIs: Arsenal
pecheneg
Quick Pick: Celebrities in WWE's Hall of Fame
aduchscher
A-Z Keypad Blitz II
pecheneg
Multiple Oscar Actors
pecheneg
Mystery Phrase Blitz: Oscar 'Best Actors'
pecheneg
F. Scott Fitzgerald Novels
LTH
Pick 3 Villains
ddd62291
Trending Topics
NBA
Kpop
Crossword
Anime
Marvel
Harry Potter
Disney
NFL
WWE
Country
The Office
Puzzle
Soccer
Pokémon
Song
Your Account Isn't Verified!
In order to create a playlist on Sporcle, you need to verify the email address you used during registration. Go to your
Sporcle Settings
to finish the process.
Report this User
Report this user for behavior that violates our
Community Guidelines
.
Details:
Send Report
Go to the Sporcle.com Mobile Site →
Comments